000 00584nam a2200241Ia 4500
003 OSt
005 20220924144109.0
006 a|||||r|||| 00| 0
007 ta
008 220923b |||||||| |||| 00| 0 urd d
020 _c70
024 _a311943
037 _cTextual
040 _aARTS
_cARTS
_burd
041 _2urd
_aurd
082 _aO168,1:g, K9
100 _aNazeem Saadat
_9217029
245 0 _aIsko ghazal kehte hai
260 _c1969
650 _aURDU POETRY
942 _hO168,1:g, K9
_cTEXL
_2CC
999 _c456083
_d456083